[Event "Copenhagen BSF"]
[Site "Copenhagen"]
[Date "1995.??.??"]
[Round "5"]
[White "Leko, Peter"]
[Black "Moskalenko, Viktor"]
[Result "1/2-1/2"]
[WhiteElo "2555"]
[BlackElo "2525"]
[Annotator "Moskalenko,V"]
[PlyCount "43"]
[EventDate "1995.03.??"]
[EventType "tourn"]
[EventRounds "11"]
[EventCountry "DEN"]
[EventCategory "12"]
[SourceTitle "CBM 046"]
[Source "ChessBase"]
[SourceDate "1995.06.01"]
[SourceVersion "1"]
[SourceVersionDate "1995.06.01"]
[SourceQuality "1"]

1. e4 e6 2. d4 d5 3. Nc3 Bb4 4. e5 Ne7 5. a3 Bxc3+ 6. bxc3 b6 7. Qg4 Ng6 8. h4
h5 9. Qg3 Ba6 10. Ne2 (10. Bxa6 Nxa6 11. Ne2 c5 12. Bg5 Qc8 $5 {N/} 13. O-O
cxd4 14. cxd4 Qxc2 15. Qf3 Qe4 16. Qxe4 dxe4 17. Nc3 Nc7 18. Nxe4 O-O 19. f4 (
19. g4 $5) 19... Nd5 20. f5 exf5 21. Rxf5 Rac8 22. Raf1 Rc4 23. Nd6 Rxd4 24.
Rxf7 Rxf7 25. Rxf7 Rd1+ 26. Kf2 Nxe5 27. Rxa7 Ng4+ 28. Kf3 Nc3 $1 {Retinsky,
V-Moskalenko,V/Alushta/1995/}) 10... Kf8 $5 {N/} (10... c5 $5) 11. a4 Nc6 $5
12. Nf4 Bxf1 $1 13. Nxg6+ fxg6 14. Kxf1 (14. Ba3+ $6 Kg8 15. Qxg6 Rh6 $1 $19) (
14. Qxg6 $2 Ne7 $1 15. Qxe6 Bxg2 16. Rg1 Bf3 $1 {/\Bg4-+/}) 14... Qe8 $13 15.
Qd3 Kg8 16. c4 (16. Rh3 $5) 16... dxc4 17. Qxc4 Rd8 18. c3 Kh7 (18... Nxe5 $5
19. Qxc7 Nd3 $13) 19. Rh3 Rf8 20. Bg5 Rd5 $15 21. Kg1 Na5 22. Qa6 $1 (22. Qa6
Qd7 $5 {/\c5=/+/}) 1/2-1/2

[Event "EU-Cup 21st"]
[Site "Saint Vincent"]
[Date "2005.09.21"]
[Round "4.1"]
[White "Polzin, Rainer"]
[Black "Karlsson, Lars"]
[Result "0-1"]
[WhiteElo "2514"]
[BlackElo "2472"]
[Annotator "Mueller,Karsten"]
[PlyCount "130"]
[EventDate "2005.09.18"]
[EventType "team-swiss"]
[EventRounds "7"]
[EventCountry "ITA"]
[SourceTitle "CBM 110"]
[Source "ChessBase"]
[SourceDate "2006.01.31"]
[SourceVersion "1"]
[SourceVersionDate "2006.01.31"]
[SourceQuality "1"]
[WhiteTeam "Berlin SF"]
[BlackTeam "Stockholm"]
[WhiteTeamCountry "GER"]
[BlackTeamCountry "SWE"]

1. e4 e6 2. d4 d5 3. Nc3 Bb4 4. e5 b6 5. a3 Bf8 6. Nf3 Qd7 7. Bb5 c6 8. Ba4 a5
9. O-O Ne7 10. Ne2 b5 11. Bb3 c5 12. dxc5 Na6 13. c3 Nxc5 14. Bc2 Nc6 15. Ng3
Ba6 16. b4 Na4 17. Qd3 Nb6 18. Nh5 Qc7 19. Bg5 Kd7 20. Qe2 Kc8 21. a4 Nc4 22.
axb5 Bxb5 23. Bd3 a4 24. Bf4 Kb7 25. Ra2 g6 26. Nf6 Bg7 27. Bg3 h6 28. Rfa1
Bxf6 29. exf6 Qb6 30. Qd1 Rhd8 31. Qc1 g5 32. Ne1 e5 33. Bf1 e4 34. Nc2 Rd7 35.
Qd1 d4 36. cxd4 Nxd4 37. Qg4 Qe6 38. Qxe6 Nxe6 39. Ne3 Rd3 40. Bxd3 exd3 41.
Nf5 h5 42. f3 Rd8 43. Be1 d2 44. Bxd2 Nxd2 45. Nh6 Nc4 46. Nxf7 Rf8 47. Re1 Bd7
48. Ne5 Nxe5 49. Rxe5 Rxf6 50. Rd2 Rf7 51. Rd6 g4 52. Rdxe6 Bxe6 53. Rxe6 gxf3
54. b5 Rf8 55. gxf3 a3 56. Kf2 a2 57. Re1 Kb6 58. Ra1 Ra8 59. Kg3 Kxb5 60. f4
Kc4 61. f5 Kb3 62. Kf4 $2 {Der schwarze h-Bauer musste unbedingt vertilgt
werden:} (62. Kh4 Ra5 63. Kxh5 Rxf5+ 64. Kg6 Rf4 65. Kg5 Ra4 66. h4 $11) 62...
Kb2 63. Rxa2+ (63. Rf1 a1=Q 64. Rxa1 Rxa1 65. Kg5 Rf1 66. Kxh5 Kc3 67. Kg6 Kd4
68. h4 Ke5 69. h5 Rg1+ 70. Kf7 Kxf5 71. h6 Ra1 72. h7 Ra7+ 73. Kg8 Kg6 74.
h8=N+ Kf6 $19) 63... Rxa2 64. h4 Kc3 65. Ke5 (65. f6 Kd4 $19) 65... Re2+ (65...
Re2+ 66. Kf4 (66. Kd6 Re4 $19) (66. Kf6 Kd4 67. Kg6 Rg2+ 68. Kxh5 Ke5 $19)
66... Kd4 67. f6 Rf2+ 68. Kg5 Ke5 $19) 0-1

[Event "Olympiad-37"]
[Site "Turin"]
[Date "2006.06.04"]
[Round "13"]
[White "Piscopo, Pierluigi"]
[Black "Kelly, Brian"]
[Result "0-1"]
[WhiteElo "2399"]
[BlackElo "2492"]
[Annotator "Mueller,Karsten"]
[PlyCount "142"]
[EventDate "2006.05.21"]
[EventType "team-swiss"]
[EventRounds "13"]
[EventCountry "ITA"]
[SourceTitle "CBM 113"]
[Source "ChessBase"]
[SourceDate "2006.07.31"]
[SourceVersion "1"]
[SourceVersionDate "2006.07.31"]
[SourceQuality "1"]
[WhiteTeam "Italy III"]
[BlackTeam "Ireland"]
[WhiteTeamCountry "ITA"]
[BlackTeamCountry "IRL"]

1. e4 e6 2. d4 d5 3. Nc3 Bb4 4. e5 Ne7 5. a3 Bxc3+ 6. bxc3 b6 7. Nh3 Ng6 8. Qh5
Ba6 9. Bxa6 Nxa6 10. O-O Qd7 11. f4 O-O-O 12. a4 Nb8 13. f5 Ne7 14. fxe6 fxe6
15. Ba3 Nf5 16. Nf4 Rde8 17. Qf3 g6 18. a5 Nc6 19. axb6 cxb6 20. g4 Nfe7 21.
Qe2 Kb8 22. Rfb1 Nc8 23. Nd3 Na5 24. Rf1 Nc4 25. Bc1 Ne7 26. Bh6 Ng8 27. Bf8 h5
28. Bd6+ Nxd6 29. exd6 Qxd6 30. Ne5 Rh7 31. Qd3 Ne7 32. Nf7 Qc6 33. Qg3+ Ka8
34. Rxa7+ Kxa7 35. Ra1+ Kb7 36. Nd6+ Kc7 37. Nxe8+ Kd8 38. Nf6 Rf7 39. g5 Nc8
40. Qd3 Rg7 41. Re1 Na7 42. Qg3 Nc8 43. Kg2 Rc7 44. Re3 Ne7 45. Qe1 Qa4 46. Qb1
Rc6 47. Qb3 Qxb3 48. cxb3 Nf5 49. Rd3 b5 50. Ng8 Ra6 51. Nh6 Ke7 52. Nxf5+ exf5
53. Kg3 Re6 54. Kf3 Re4 55. h3 Ke6 56. Rd1 f4 57. c4 bxc4 58. bxc4 Kf5 59. cxd5
Re3+ 60. Kf2 Kxg5 61. Rg1+ Kf6 62. h4 Rd3 63. Rg5 Rxd4 64. Kf3 Rc4 65. d6 Rd4
66. d7 Rxd7 67. Kxf4 {[%tqu "En","How did Black break into White's fortress?",
"","","d7d1","",5,"De","Wie brach Schwarz in die weiße Festung ein?","","",
"d7d1","",5]} Rd1 $1 (67... Rd3 $2 68. Rf5+ Kg7 69. Ra5 Rh3 70. Ra4 Rxh4+ 71.
Kg5 $11) (67... Rd2 $2 68. Kg3 $11) 68. Rg2 (68. Ra5 Rg1 $19) 68... Rd4+ 69.
Kg3 Rg4+ 70. Kh3 Rxg2 71. Kxg2 Ke5 (71... Ke5 72. Kf3 Kf5 73. Kg3 Ke4 $19 {
[%cal Ge4h4]}) 0-1

[Event "Interzonal-11b"]
[Site "Rio de Janeiro"]
[Date "1979.09.23"]
[Round "1"]
[White "Harandi, Khosro"]
[Black "Vaganian, Rafael A"]
[Result "0-1"]
[WhiteElo "2410"]
[BlackElo "2570"]
[Annotator "Myers,D"]
[PlyCount "122"]
[EventDate "1979.09.23"]
[EventType "tourn"]
[EventRounds "19"]
[EventCountry "BRA"]
[EventCategory "11"]
[SourceTitle "IZT"]
[Source "ChessBase"]
[SourceDate "1999.07.01"]
[SourceVersion "1"]
[SourceVersionDate "1999.07.01"]
[SourceQuality "1"]

1. e4 e6 2. d4 d5 3. Nc3 Bb4 4. e5 Ne7 5. Bd2 b6 6. Nf3 Qd7 7. a3 Bxc3 8. Bxc3
a5 (8... Ba6 9. Bxa6 Nxa6 10. Qd3 (10. O-O $6 c5 11. a4 {Surakov-Borisenko
USSR 1956}) (10. Qe2 $5 Nb8 11. O-O O-O 12. b3 c5 13. Bb2 Nbc6) 10... Nb8 11.
b4 Qc6 12. Nd2 Nd7 13. O-O a6 14. a4 Qb7 15. f4 h5 16. Nf3 Nf5 $10 {
Klovan-Katalimov USSR 1963}) 9. a4 Nf5 10. Bd3 Ba6 11. O-O Bxd3 12. Qxd3 h5 $10
13. Bd2 c5 $5 (13... Nc6) 14. dxc5 $1 bxc5 15. Qb5 $1 c4 (15... Qxb5 16. axb5
$16 {Vaganian}) 16. Bxa5 Nc6 17. Bb6 $6 (17. Bc3) 17... O-O $44 18. Qc5 Rfc8
19. Qa3 d4 20. Rfe1 Qd5 21. Qc5 Qxc5 22. Bxc5 Rcb8 23. Reb1 Ra5 $17 {Vaganian}
24. Bd6 Nxd6 25. exd6 Rd5 26. Nd2 Na5 27. b4 cxb3 28. Nxb3 (28. cxb3 Rb4 $17)
28... d3 $1 29. Rc1 $8 Nxb3 30. cxb3 Rxb3 31. a5 Rb8 32. a6 Rxd6 33. a7 Ra8 34.
Rcb1 Kh7 35. Kf1 Rd7 36. Rd1 e5 37. f3 h4 $17 38. Ra3 Rdxa7 39. Raxd3 Ra2 40.
Re3 f6 41. Rde1 Kg6 (41... h3 42. R3e2 Rxe2 43. Rxe2 Ra1+ 44. Kf2 Rh1 45. Kg3
$15 {Vaganian}) 42. R3e2 Kf5 43. Kg1 Rxe2 44. Rxe2 Ra1+ (44... Ra4 $1 45. Kf2
g5 46. g4+ (46. Rb2 g4 $1 47. fxg4+ (47. Rc2 gxf3 48. gxf3 Kf4 $19 {Kasparov})
47... Kxg4 48. Rb6 Ra2+ 49. Kg1 f5 50. Rg6+ Kf4 51. Rh6 Ke3 52. h3 e4 53. Rxh4
f4 54. Rh8 Ra1+ 55. Kh2 Kf2 56. Rf8 (56. Re8 f3 57. Rxe4 (57. gxf3 e3 $19)
57... Rh1+ $1 $19 58. Kxh1 fxg2+ 59. Kh2 g1=Q# {Vaganian}) 56... f3 57. h4 Rg1
58. gxf3 Rg2+ 59. Kh1 e3 $1 60. Re8 Rg3 61. Kh2 Rxf3) (46. h3 Kf4 47. Rb2 f5
48. Re2 e4 49. fxe4 fxe4 $19 {Kasparov}) 46... hxg3+ $1 (46... Kf4 $2 47. h3
$10) 47. hxg3 (47. Kxg3 g4 $19) 47... g4 48. fxg4+ (48. Rb2 Kg5 $1 (48... Ra3
$2 49. fxg4+ Kxg4 50. Rb4+ $10) 49. Re2 gxf3 50. Kxf3 Ra5 $1 $19 {Kasparov} 51.
Re4 f5 52. Rh4 Ra3+ (52... e4+ 53. Kf2 Ra2+ 54. Kf1 Kf6 55. Rh5 Rb2 56. Kg1 e3
57. Kf1 Rf2+ 58. Kg1 Ke5 59. g4 (59. Rh4 f4 60. gxf4+ Ke4 $19 {Kasparov}) 59...
Ke4 60. Rxf5 Rxf5 61. gxf5 Kd3 $19 {Kasparov}) 53. Kf2 f4 54. Rh3 $8 Ra2+ 55.
Kf3 e4+ 56. Kxe4 Kg4 $19 {Kasparov}) 48... Kxg4 49. Kg2 Rc4 $1 50. Rf2 (50. Kf2
Kh3 $1 $19) 50... f5 51. Re2 Rc5 $1 {zugzwang} 52. Rb2 (52. Kf2 Kh3 $19) (52.
Re1 Rc2+ $19) 52... Rc3 $19 {Kasparov}) 45. Kf2 g5 $19 46. Rb2 (46. g4+ hxg3+ (
46... Kf4 $2 47. h3 $10) 47. hxg3 (47. Kxg3 g4 $19 {Vaganian}) 47... g4 48.
fxg4+ Kxg4 49. Re4+ Kg5 50. Re2 Ra4 51. Kf3 Ra5 $1 52. Re4 f5 53. Rh4 (53. Rb4
e4+ 54. Ke3 (54. Kg2 Ra2+ 55. Kh3 e3 $19) 54... Ra3+ 55. Kf2 Ra2+ 56. Ke3 (56.
Kf1 Kg4 57. Rb3 Rd2 58. Kg1 Rd3 $19) 56... Kg4 $1 57. Rb8 Kh3 58. Rb5 Ra3+ 59.
Ke2 Rf3 60. Kd2 Kh2 (60... Kg2 61. Ke2 Kg1 62. Ra5 Rf2+ 63. Ke3 Kg2 64. Rb5
Rf3+ 65. Kd2 Kh2 $18 {Kopaev}) 61. Ke2 Kg2 62. Ke1 (62. Kd2 Kf2 63. Kd1 Rd3+ (
63... e3 $19) 64. Kc2 Rxg3 65. Rxf5+ Ke2 $19 {Kasparov}) 62... Rf2 63. Kd1 Kf1
64. Ra5 e3 $19 {Kopaev}) 53... Ra3+ (53... e4+ 54. Kf2 Ra2+ 55. Kf1 Kf6 56. Rh5
Rb2 57. Kg1 e3 58. Kf1 Rf2+ 59. Kg1 Ke5 60. g4 (60. Rh4 f4 61. gxf4+ Ke4 $19)
60... Ke4 61. Rxf5 Rxf5 62. gxf5 Kd3 $19 {Kasparov}) 54. Kf2 f4 55. Rh3 $8 Ra2+
56. Kf3 e4+ 57. Kxe4 Kg4 $19 {Kasparov}) 46... g4 $1 47. fxg4+ (47. Rc2 gxf3
48. gxf3 Kf4 $19 {/\ f5, h3, Ra1 Kasparov}) 47... Kxg4 48. Rb6 Ra2+ 49. Kg1 f5
50. Rg6+ Kf4 51. Rh6 Ke3 52. h3 e4 53. Rxh4 f4 54. Rh8 Ra1+ 55. Kh2 Kf2 56. Rf8
(56. Re8 f3 57. Rxe4 (57. gxf3 e3 $19) 57... Rh1+ $1 $19) 56... f3 57. h4 Rg1
58. gxf3 Rg2+ 59. Kh1 e3 $1 60. Re8 Rg3 61. Kh2 Rxf3 0-1

[Event "RUS-Cup01 Chigorin Memorial"]
[Site "St Petersburg"]
[Date "1996.??.??"]
[Round "7"]
[White "Kalegin, Evgenij"]
[Black "Kruppa, Yuri"]
[Result "1/2-1/2"]
[WhiteElo "2500"]
[BlackElo "2560"]
[Annotator "Notkin,M"]
[PlyCount "58"]
[EventDate "1996.11.??"]
[EventType "swiss"]
[EventRounds "9"]
[EventCountry "RUS"]
[SourceTitle "CBM 056 Extra"]
[Source "ChessBase"]
[SourceDate "1997.03.01"]
[SourceVersion "1"]
[SourceVersionDate "1997.03.01"]
[SourceQuality "1"]

1. e4 e6 2. d4 d5 3. Nc3 Bb4 4. e5 b6 5. Qg4 Bf8 6. Bb5+ c6 7. Ba4 b5 (7... Ne7
) (7... a5) 8. Bb3 b4 9. Nce2 a5 10. c3 (10. a4 bxa3 11. Rxa3 h5 12. Qg3 h4 13.
Qg4 Nh6 14. Bxh6 Rxh6 15. Ra2 Rg6 $13 {Polgar,S-Chernin,A/Vienna/1996/0,5/40/})
10... a4 11. Bc2 a3 12. Nh3 (12. b3 bxc3 13. Nxc3 Na6 {/\Nb4,Ba6|^/}) 12...
axb2 13. Bxb2 Ba6 14. Nhf4 (14. O-O h5 (14... Nh6 15. Qf3 Nd7 16. Rfe1 $14) 15.
Qf3 g5 16. Qe3 g4 17. Nhf4 Bh6 18. Bd3 $14) 14... Nh6 15. Qf3 (15. Qg3 $5 Nf5
16. Bxf5 exf5 17. Qe3 Be7 $13) 15... Qg5 $5 16. O-O Qg4 17. Qe3 (17. Qxg4 Nxg4
18. Rfc1 Bb5 $10) 17... Nf5 18. Qd2 Bxe2 (18... Nh4 19. f3 Qg5 20. g3 $14) 19.
Bxf5 (19. Nxe2 $2 Nh4 20. Ng3 Qf3 $1 $17) 19... Qxf5 20. Nxe2 Na6 21. f4 Be7
22. Ng3 Qg4 23. f5 Bg5 24. Qe1 (24. Qd3 O-O 25. Rf3 c5 $36) 24... bxc3 25. Qxc3
(25. Bxc3 c5) 25... O-O 26. h3 (26. Qxc6 Rfc8 27. Qa4 (27. Qd7 Rc2 $44) 27...
Nc5 28. Qd1 Be3+ 29. Kh1 Qxd1 30. Rfxd1 Na4 $44) 26... Qh4 27. Ba3 c5 (27...
Rfc8 28. fxe6 fxe6 29. Bd6 $14) 28. Bxc5 (28. dxc5 Qc4 (28... d4 29. Qf3 Be3+
30. Kh1 Nc7 31. Bc1 $16) 29. Qxc4 dxc4 30. Ne4 Be3+ 31. Kh1 exf5 32. Rxf5 Nc7
33. Bb2 Ne6 $10) 28... Nxc5 29. dxc5 Qc4 (29... Qc4 30. Qxc4 dxc4 31. Ne4 Be3+
32. Kh1 Rfc8 $10) 1/2-1/2

[Event "OHRA-A"]
[Site "Brussels"]
[Date "1986.12.??"]
[Round "10"]
[White "Nunn, John DM"]
[Black "Huebner, Robert"]
[Result "1/2-1/2"]
[WhiteElo "2590"]
[BlackElo "2620"]
[Annotator "Nunn,J"]
[PlyCount "63"]
[EventDate "1986.12.??"]
[EventType "tourn"]
[EventRounds "10"]
[EventCountry "BEL"]
[EventCategory "16"]
[SourceTitle "CBM 001"]
[Source "ChessBase"]
[SourceDate "2004.01.01"]
[SourceVersion "1"]
[SourceVersionDate "2004.01.01"]
[SourceQuality "1"]

1. e4 e6 2. d4 d5 3. Nc3 Bb4 4. e5 Qd7 5. Bd2 b6 6. Bb5 {An interesting idea,
developed recently by Short, Chandler and myself. The aim is to cross Black's
plan of exchanging white-squared bishops by hiding the bishop on a4. Although
White loses time, this plan is not easy to meet.} c6 7. Ba4 a5 8. a3 Bf8 ({
Some other games have continued} 8... Bxc3 9. Bxc3 Ba6 10. Bd2 {with the idea
of c3, Ne2 and Bc2 retrieving the white-squared bishop from its offside
position.}) 9. Nce2 {After c3, Bc2, Nf3 and 0-0 White's development proceeds
smoothly, he has avoided the exchange of bishops and his centre is intact.
Although Bb5-a4-c2 may appear to lose time Black has played ...Bb4-f8 which is
just as bad.} Ba6 10. c3 Ne7 11. Nf3 Nf5 12. O-O Be7 13. Re1 Bxe2 {If Black
doesn't exchange White will play Nf4 and Black's bishop on a6 will be
ineffective.} 14. Qxe2 Na6 15. Bc2 Nc7 {This position is very unpleasant for
Black. He has no active plan while White can aim to drive Black's knight away
by g4 and increase his space advantage. Moreover Black lacks a safe spot for
his king.} 16. a4 {A useful move which not only prevents Black sealing the
queenside by ...a4, but also gives White the chance to attack on the queenside
later by b4.} ({However the more direct} 16. g4 Nh6 17. Ng5 {was just as good.}
) 16... g6 17. Rad1 ({White has lost his chance to play} 17. g4 $6 {because
after} Nh4 18. Nxh4 Bxh4 19. g5 h6 {he can no longer play Qh5. Therefore White
must continue more slowly.}) 17... h5 {Black still has no active play, so
White can afford the time to prepare g4 by g3 and h3. Black's main objective
is to connect his rooks, for otherwise White's kingside pawn advance will lead
to him controlling the h-file.} 18. g3 Kf8 19. Kg2 Kg7 20. h3 Rag8 21. Rh1 Qd8
{Black must make sure that White's g4 can be met by ...hxg4 followed by ...
Nh4+ hence this extra guard on the d8-h4 diagonal which prevents White
trapping a bishop on h4 by Nxh4 and hxg5.} 22. b4 {Now White opens the second
front.} (22. g4 hxg4 23. hxg4 Nh4+ 24. Nxh4 Rxh4 25. Rxh4 Bxh4) 22... Qa8 {
This is designed to hold the queenside together, but without the queen on the
d8-h4 diagonal White can play g4.} ({Black would like to remove his king from
the g-file by} 22... Kf8 {, but now} 23. bxa5 bxa5 24. Rb1 $18 {[%csl Ya5,Yc6]
would give him too many problems with his king and the weak pawns at a5 and c6.
}) 23. g4 Nh6 24. Ng5 {This should be good enough to win.} ({But the more solid
} 24. Ne1 $142 {[%cal Ye1d3] followed by Nd3 was even better, since on d3 the
knight can also influence the queenside.}) 24... b5 25. bxa5 Qxa5 26. axb5 Nxb5
27. c4 $4 {A blunder in a winning position.} ({The simple} 27. Ra1 Qc7 28. Qf3
$1 {defends c3 and threatens to take on h5. If then} (28. gxh5 Qd8 (28... Nxc3
{[%cal Re7g5]} 29. Qf3 Ne4 30. Bxe4 (30. Nxe4 Nf5 31. h6+ Kh7 32. Ng5+ Bxg5 33.
Bxg5 Nxd4 34. Qf6 $1 Nxc2 $2 35. Ra8 $18 {[%csl Rf7][%cal Ya8f8]}) 30... dxe4
31. Qxf7+ Nxf7 32. Nxe6+ Kh7 33. Nxc7 gxh5+ 34. Kf1 Rg6 35. Ra7 $18) 29. h4 Nf5
30. hxg6 $18) 28... c5 {the reply} 29. Ba4 Rb8 30. Bxb5 Rxb5 31. Qxf7+ $1 {
nets two pawns.} Nxf7 32. Nxe6+ $18) 27... Nxd4 28. Nxe6+ Nxe6 {An unfortunate
tactical point for White.} (28... fxe6 $2 {would have lost to} 29. Qd3 $18 {
, but Black is quick to exploit the knight fork at f4.}) 29. Bxa5 Nf4+ 30. Kf3
Nxe2 31. Kxe2 hxg4 32. hxg4 ({After} 32. hxg4 Nxg4 33. cxd5 cxd5 34. Rxh8 Rxh8
35. Rxd5 $11 {the position is quite drawn.}) 1/2-1/2

[Event "Belgrade RAD 30"]
[Site "Belgrade"]
[Date "1977.01.23"]
[Round "7.1"]
[White "Suetin, Alexey S"]
[Black "Portisch, Ferenc"]
[Result "1/2-1/2"]
[WhiteElo "2525"]
[BlackElo "2475"]
[Annotator "Primel,D"]
[PlyCount "145"]
[EventDate "1977.01.15"]
[EventType "tourn"]
[EventRounds "13"]
[EventCountry "SRB"]
[EventCategory "9"]
[SourceTitle "EXT 2018"]
[Source "ChessBase"]
[SourceDate "2017.10.13"]
[SourceVersion "1"]
[SourceVersionDate "2017.10.13"]
[SourceQuality "1"]
[TimeControl "40/9000:16/5400:0"]

1. e4 e6 2. d4 d5 3. Nc3 Bb4 4. e5 Ne7 5. Bd2 b6 {[%cal Gc8a6]} (5... c5 {
La grande ligne}) 6. Qg4 Nf5 7. Nf3 Ba6 (7... h5 $5) 8. Bxa6 Nxa6 9. O-O-O $146
(9. Qf4 c5 10. dxc5 bxc5 11. g4 Ne7 12. h4 O-O 13. h5 f5 14. exf6 Rxf6 15. Qg3
Nc6 16. O-O-O Qc7 17. Ng5 Qxg3 18. fxg3 Nd4 19. Bf4 Bxc3 20. bxc3 Ne2+ 21. Kd2
Nxf4 22. gxf4 Nc7 23. Nh3 Rb8 {Tseshkovsky,V (2550)-Petrosian,T (2635) Moscow
1976 0-1}) 9... Qd7 10. Ne2 O-O-O (10... Bxd2+ 11. Nxd2 c5 12. f4 Nxd4 13. Nxd4
cxd4 14. Nf3) 11. Qf4 {[%cal Gg2g4]} f6 12. h4 (12. g4 $2 g5 {[%csl Rf4]})
12... h5 13. Kb1 Be7 14. Ng3 Nxg3 15. Qxg3 Rdg8 16. Rhe1 $14 c6 17. Qg6 $1 {
[%csl Rg8,Rh8]} Nc7 18. Qd3 Kb7 19. Re2 c5 20. dxc5 bxc5 21. Bf4 f5 22. Bg5 $1
Rb8 23. c4 (23. Bxe7 Qxe7 {[%csl Gg5]}) 23... a6 24. cxd5 Nxd5 25. Bxe7 Qxe7
26. Ng5 {[%cal Gg5e6]} Rhd8 {Pare la menace Ne6 gagnant un P mais la position
Noire est inférieure} 27. Red2 Ka7 28. Qf3 Rb6 29. Ka1 (29. Nxe6 $6 Rxe6 30.
Rxd5 Rxd5 31. Rxd5 Rxe5) 29... g6 30. a3 {[%csl Ga1]} Rdb8 31. Qe2 Qb7 {
[%csl Rb2]} 32. Nxe6 Nc3 $1 33. Nxc5 Qc6 34. Qe3 $1 {[%cal Ge3a7,Ge3c3] Un
fort coup qui défend tout en visant le K noir et le GMI expérimenté ne se
laisse pas déstabiliser par le sacrifice Nc3} Nxd1 35. Rxd1 Ka8 36. Nd7 $2 (
36. b4 $142 a5 37. Nd7 {Et les Noirs ont moins de contre-jeu que dans la
partie.}) 36... Rxb2 37. Nxb8 Rxb8 $2 $138 (37... Qc2 $19 {[%cal Gb2a2]}) 38.
Qf3 Qxf3 39. gxf3 f4 $1 {[%csl Rf3]} 40. Rd6 Re8 41. Rxa6+ Kb7 42. Rxg6 Rxe5
43. Rf6 Re2 44. Rxf4 {Une phase de simplification qui favorise les Noirs} Rxf2
{[%csl Ra1,Gf2,Rf4] Les Blancs ont gagné du matériel mais le K Blanc est
coupé} 45. Rf5 Rd2 46. Rxh5 Rd3 47. Kb2 Rxf3 48. a4 {Une finale assez rare et
le gain n'est pas si facile à réaliser: - Les Blancs ont non seulement deux
P isolés mais ils sont placés sur des colonnes "a" et "h" - Le K Blanc est
coupé alors que celui des Noirs peut monter attaquer le P"a" - La R Blanche
est mal placée.} Rf4 49. Kb3 Ka6 $1 {Le P passé est bloqué et les Blancs
vont avoir du mal pour progresser.} 50. a5 Re4 51. Kc3 $1 {[%cal Gc3g3] Le K
Blanc va tenter de passer par l'aile-roi} Rf4 52. Kd3 Rg4 53. Ke3 Rc4 54. Kf3
Rc3+ 55. Ke4 $1 Rc4+ 56. Kd5 Rg4 57. Ke6 {Le K est passé!} Rc4 58. Rh8 Kb7 (
58... Kxa5 59. h5 Kb5 60. h6 Kc5 61. Ke5 {[%csl Rc5,Ge5]} Rh4 62. h7 $18 {
[%cal Gh8c8]}) 59. Rh7+ Ka6 60. h5 Rc5 61. h6 Rc6+ 62. Kd7 Rf6 63. Rh8 Kb7 64.
Ke7 Rc6 65. Kd7 (65. h7 {Plus naturel} Rh6 66. a6+ $1 Ka7 67. Kf7 Rh2 {[%cal
Gh2f2] et le K Blanc sera bombardé d'échec}) 65... Rg6 66. Rh7 Ka6 67. Kd8
Rg8+ 68. Ke7 Rg6 69. Kf7 Rc6 70. Rh8 Kb7 71. Rh7 Ka6 72. Ke8 Rg6 73. Kd8
1/2-1/2